| 000 | 00337nam a22001337a 4500 | ||
|---|---|---|---|
| 008 | 240729b |||||||| |||| 00| 0 eng d | ||
| 020 | _a9789332585515 | ||
| 082 |
_22nd _a658.07 BAJ |
||
| 100 | _aBajpai, Naval | ||
| 245 | _aBusiness Research Methods | ||
| 260 |
_aIndia _bPearson _c2017 |
||
| 300 |
_axxxvi, 851p. _c20cm |
||
| 942 |
_2ddc _e2ne |
||
| 999 |
_c9923 _d9924 |
||